000 00568nam a22001937a 4500
005 20251108170851.0
008 250721s9999 xx 000 0 ara d
082 1 4 _aط/ق/مؤن
100 1 _aمؤنس، حسين
_eمؤلف
245 1 0 _aالمخترع الصغير /
250 _aط2
264 1 _aالقاهرة :
_bدار الرشاد،
300 _a.
490 0 _aحكايات أندلسية للأطفال
_v1
650 1 7 _aادب الاطفال
653 _aاطفال مرحلة متوسطة (6-9) سنوات
942 _2ddc
_cBK
999 _c50899
_d50899